Digital business strategies in blockchain ecosystems : transformational design and future of global business

Other Authors: Hacioglu, Umit
Subjects:
Online Access: http://library.unisel.edu.my/web/guest/mylibrary
LEADER 00845cam a2200217 7i4500
001 0000054562
005 20260306090000.0
020 |a 9783030297398 (electronic book)  
090 0 0 |a QA76.9   |b .D54 2020 
245 0 0 |a Digital business strategies in blockchain ecosystems :   |b transformational design and future of global business   |c edited byUmit Hacioglu. 
300 |a 1 online resource (xxiii, 647 pages):   |b illustrations, color, text file, PDF. 
336 |a text  |2 rdacontent 
337 |a computer  |2 rdamedia 
338 |a online resource  |2 rdacarrier 
650 0 0 |a Blockchains (Databases)  
650 0 0 |a Artificial intelligence  
655 0 0 |a Electronic books 
700 1 |a Hacioglu, Umit  
856 4 2 |u http://library.unisel.edu.my/web/guest/mylibrary 
997 |a Business & Accountancy, Faculty 
999 |a EBO0001207  |b EBOOK  |c EBOOK  |e Electronic resources